000
00215nam a22000857a 4500
008
170203b xxu||||| |||| 00| 0 eng d
100
_9
2777
_a
Siddiqi.N.
245
_a
Fastack Computer-8
260
_a
New delhi
_b
Gur.Das
_c
2009
999
_c
5969
_d
5969